000 00447nam a22001697a 4500
003 OSt
005 20251121160954.0
008 251121b |||||||| |||| 00| 0 eng d
020 _a0-380-77352-X.
040 _aDWCL-Main lib.
_cOC
082 _aFic. K64d 1994
100 _aKleypas, Lisa
245 _aDreaming of you/
_cLisa Kleypas
260 _aN. Y. :
_bAvon Books,
_cc1994.
300 _a405 p.
_c; 17 cm.
942 _2ddc
_cFIC.
_hFic.
_n0
999 _c6028
_d6028